00490 2200193 4500001002100000005001500021008004100036020002200077035001900099041000700118082001000125090001600135100002100151245004300172250000600215260002700221300003400248650001400282INLIS00000000002136820241224131036241224||||||||| | ||| |||| || |  a978-979-29-2714-6 0010-1224021368 aid0 a633.8 a633.8 MAR c0 aMARULI PARDAMEAN00aCara Cerdas Mengelola Perkebunan Sawit a1 aYogyakartabandic2011 a23x15 cm, x, 340 hlm.; ilus.: 0aPertanian